| 000 -LEADER |
| fixed length control field |
00525nam a22001097a 4500 |
| 008 - FIXED-LENGTH DATA ELEMENTS--GENERAL INFORMATION |
| fixed length control field |
160314b xxu||||| |||| 00| 0 eng d |
| 100 ## - MAIN ENTRY--AUTHOR'S NAME |
| Author's Name |
Erler, Martin |
| 245 ## - TITLE STATEMENT |
| Title |
Katalog der Stempelmarken von Deutschland I. Deutsches Reich / Bundesrepublik Vol 1, 1st ed (1979) |
| Remainder of title |
Catalogue of the adhesive revenues of Germany I. Deutsches Reich / Bundesrepublik |
| 260 ## - PUBLICATION, DISTRIBUTION, ETC. (IMPRINT) |
| Place of publication, distribution, etc. |
Icking, Germany |
| Name of publisher, distributor, etc. |
ORA Verlag |
| Date of publication, distribution, etc. |
1979 |
| 650 ## - TOPICAL TERM (Tag) |
| Topical term or geographic name |
Germany | Germany, West (1945-) | Revenues | Catalogs and Price Lists | Cinderella Material |
| 700 ## - SECONDARY AUTHOR, EDITOR OR ILLUSTRATOR |
| Personal Name |
Norton, John A. |